Vista normal Vista MARC

Entrada Topical Term

Número de registros utilizados en: 2

001 - CONTROL NUMBER

  • control field: 12470

003 - CONTROL NUMBER IDENTIFIER

  • control field: OSt

005 - DATE AND TIME OF LATEST TRANSACTION

  • control field: 20201209105740.0

008 - FIXED-LENGTH DATA ELEMENTS

  • fixed length control field: 201209|| aca||aabn | a|a d

040 ## - CATALOGING SOURCE

  • Original cataloging agency: OSt
  • Transcribing agency: OSt

150 ## - HEADING--TOPICAL TERM

  • Topical term or geographic name entry element: Macroeconómica

670 ## - SOURCE DATA FOUND

  • Source citation: Work cat.: (OSt): Agénor, Pierre-Richard, autor 12469, La macroeconomía del desarrollo / , 2000